00544nam a22001697a 450000500170000001000130001702000140003003500110004403700160005508200110007110000380008224500590012024600480017926000510022727000730027830000230035120200603131833.0 aUR-10777 c300.00a- aU-9332 bDBAD/PUBa- a840.08 aنا ظم ا لد ين منو ر  aشا ہد ا د ب cنا ظم ا لد ين منو ر  bShahid-e-Adab(Urdu)aby Nazimuddin Munawar aDelhibEducational Publishing House c2019 ء a3191,Vakil Street,Kucha Pandit Lal Kuan,bDelhie110006k23216162l- a107 ص c22 Cm(Hb)